Score 0/27 Timer 10:00
0 Plays Today
Hints Answers % Correct
The president of the clubKristy Thomas
95.3%
The vice president of the clubClaudia Kishi
85.2%
Middle brother of the presidentSam Thomas
83%
Younger biological brother of the presidentDavid Michael Thomas
81.6%
Oldest brother of the presidentCharlie Thomas
80.7%
A junior member of the club.Mallory Pike.
80.4%
The secretary of the club.Mary Anne Spier.
79.6%
Younger step sister of the presidentKaren Brewer
77.4%
The original treasurer of the club.Stacey McGill
76.5%
The sister of the vice president.Janine Kishi
74.9%
Youngest step brother of the presidentAndrew Brewer
71.2%
Sister.Vanessa Pike.
69.6%
The replacement treasurer of the club.Dawn Schafer
69%
Sister.Claire Pike.
69%
Hints Answers % Correct
Sister.Margo Pike.
68.2%
One of the triplets.Byron Pike
63.7%
Brother.Nicky Pike.
63.7%
One of the triplets.Adam Pike.
62.8%
One of the triplets.Jordan Pike.
62.8%
Other junior member of the club.Jessica Ramsey.
62.3%
Associate member (boy).Logan Bruno
62.3%
Sister of the dancer.Becca Ramsey.
57.5%
Youngest adopted sister of the president.Emily Michelle Brewer.
56.1%
Little Brother of the dancer.Squirt Ramsey.
53.6%
Associate member (girl).Shannon Kilbourne.
53.6%
A recent addition to the club.Abby Stevenson
45%
The recent additions twin.Anna Stevenson
43.9%

You're not logged in!

Compare scores with friends on all Sporcle quizzes.
OR
Log In

Sporcle TV

Today on Sporcle TV


Watch our educational content, quiz creation guides, and fun videos on Sporcle TV.

Show Comments

Extras

Top Quizzes Today


Score Distribution

Paid Content

Your Account Isn't Verified!

In order to create a playlist on Sporcle, you need to verify the email address you used during registration. Go to your Sporcle Settings to finish the process.

Report this User

Report this user for behavior that violates our Community Guidelines.

Details: